| 000 | 00940nam a2200253 a 4500 | ||
|---|---|---|---|
| 001 | 737 | ||
| 003 | BR-CuiBMT | ||
| 005 | 20231121232911.0 | ||
| 008 | 231113s2012 spba 001 0 por d | ||
| 020 | _a9788522468706 | ||
| 040 |
_aBR-CuiBMT _cBR-CuiBMT |
||
| 080 |
_a657:352:336.14 _22007 |
||
| 090 |
_a657:352:336.14 _bA553c _c4. ed. |
||
| 100 | 1 | _aAndrade, Nilton de Aquino | |
| 245 | 1 | 0 |
_aContabilidade pública na gestão municipal : _bmétodos com base nas Normas Brasileiras de Contabilidade Aplicadas ao Setor Público (NBCASP) e nos padrões internacionais de contabilidade / _cNilton de Aquino Andrade. |
| 250 | _a4. ed. | ||
| 260 |
_aSão Paulo : _bAtlas, _c2012. |
||
| 300 |
_axxvi, 415 p. : _bil. ; _c24 cm |
||
| 504 | _aInclui bibliografia e índice. | ||
| 650 |
_aFinanças públicas _xPlanejamento _zBrasil |
||
| 650 |
_aFinanças públicas _xContabilidade |
||
| 650 |
_aAdministração municipal _zBrasil |
||
| 942 |
_2udc _cLV |
||
| 999 |
_c737 _d737 |
||